| Tag |
First Indicator |
Second Indicator |
Subfields |
| LEADER |
00000cam a2200000Ia 4500 |
| 001 |
in00002781137 |
| 005 |
20150922115131.0 |
| 008 |
111224s2012 nyua 6 000 1 eng d |
| 016 |
7 |
|
|a 016094445
|2 Uk
|
| 020 |
|
|
|a 9780345525901 (pbk.)
|
| 020 |
|
|
|a 0345525906 (pbk.)
|
| 035 |
|
|
|a (OCoLC)ocn769427558
|
| 040 |
|
|
|a BTCTA
|b eng
|c BTCTA
|d BDX
|d UKMGB
|d ZQP
|d CCE
|d IEP
|d WIM
|d UtOrBLW
|
| 043 |
|
|
|a n-us---
|
| 049 |
|
|
|a TXAM
|
| 082 |
0 |
4 |
|a 741.56973
|
| 090 |
|
|
|a PN6728.G28
|b D43 2012
|
| 100 |
1 |
|
|a Davis, Jim,
|d 1945 July 28-
|
| 240 |
1 |
0 |
|a Garfield.
|k Selections
|
| 245 |
1 |
0 |
|a Garfield gets in a pickle /
|c by Jim Davis.
|
| 264 |
|
1 |
|a New York :
|b Ballantine Books,
|c [2012]
|
| 264 |
|
4 |
|c ©2012
|
| 300 |
|
|
|a 93 pages :
|b color illustrations ;
|c 23 cm.
|
| 336 |
|
|
|a text
|b txt
|2 rdacontent
|
| 337 |
|
|
|a unmediated
|b n
|2 rdamedia
|
| 338 |
|
|
|a volume
|b nc
|2 rdacarrier
|
| 490 |
1 |
|
|a Garfield [classics] ;
|v his 54th book
|
| 650 |
|
0 |
|a Garfield (Fictitious character)
|v Comic books, strips, etc.
|
| 650 |
|
0 |
|a Pets
|v Comic books, strips, etc.
|
| 650 |
|
0 |
|a Pet owners
|v Comic books, strips, etc.
|
| 650 |
|
0 |
|a American wit and humor, Pictorial.
|
| 650 |
|
0 |
|a Comic books, strips, etc.
|z United States.
|
| 650 |
|
1 |
|a Garfield (Fictitious character)
|v Cartoons and comics.
|
| 650 |
|
1 |
|a Pets
|v Cartoons and comics.
|
| 650 |
|
1 |
|a Pet owners
|v Cartoons and comics.
|
| 650 |
|
1 |
|a Cartoons and comics.
|
| 650 |
|
1 |
|a Garfield (Fictitious character)
|v Fiction.
|
| 650 |
|
1 |
|a Pets
|v Fiction.
|
| 650 |
|
1 |
|a Pet owners
|v Fiction.
|
| 650 |
|
1 |
|a Wit and humor.
|
| 650 |
|
0 |
|a Cats
|v Caricatures and cartoons.
|
| 655 |
|
0 |
|a Wit and humor, Pictorial.
|
| 655 |
|
7 |
|a Graphic novels.
|2 lcgft
|
| 655 |
|
7 |
|a Comics (Graphic works)
|2 lcgft
|
| 800 |
1 |
|
|a Davis, Jim,
|d 1945 July 28-
|t Garfield classics ;
|v 54.
|
| 948 |
|
|
|a cataloged
|b h
|c 2012/9/24
|d c
|e ceaton
|f 2:47:13 pm
|
| 994 |
|
|
|a C0
|b TXA
|
| 999 |
|
|
|a MARS
|
| 999 |
f |
f |
|s e1b65838-33dd-3b25-b987-047bd0f3b4f5
|i 8419e748-05fb-354d-837e-52300d038f22
|t 0
|
| 952 |
f |
f |
|p normal
|a Texas A&M University
|b College Station
|c Sterling C. Evans Library
|s Evans stk
|d Evans: Library Stacks
|t 0
|e PN6728.G28 D43 2012
|h Library of Congress classification
|i unmediated -- volume
|m A14841524557
|
| 998 |
f |
f |
|a PN6728.G28 D43 2012
|t 0
|l Evans: Library Stacks
|